MDQL
is popping MORE tags! Check the
thread
!
Quizzes
Events
Quiz Creation
Community
Videos
Private Events
Remove Ads
Sign In
Join for FREE
Feedback
Dark Mode
Quiz Categories
Sports
Geography
Music
Movies
Television
Just For Fun
Miscellaneous
History
Literature
Language
Science
Gaming
Entertainment
Religion
Holiday
For Kids
Quiz Lab
Recent
Popular Today
Quiz Kudos Today
Editor Picks
Curator Picks
Quizzes by...
Day
Popularity
Type
Ratings
Length
Year
Community
Subscriptions
Recent Discussions
Orange Saloon
Badges
Playlists
Quests
Create
Leaderboards
Showdown
Live 5
Trivia Bingo
Activity
Puzzle Library
Sporcle Events
Private Events
Virtual Trivia
Globe League
Become a Host
Pub Owners
SporcleCon
Opinionation
Our Games
Videos
Blog
Mobile Apps
Partnerships
Remove Ads and Go Orange
Feedback
Sports
Athletes
MLB
NBA
NHL
NFL
Soccer
Sports Teams
WWE
NCAA
Football
Premier League
Basketball
Baseball
Hockey
Golf
Tennis
Cricket
Rugby
Auto Racing
Olympics
World Cup
Sports
Athletes
MLB
NBA
NHL
NFL
Soccer
Sports Teams
WWE
NCAA
Football
Premier League
Basketball
Baseball
Hockey
Golf
Tennis
Cricket
Rugby
Auto Racing
Olympics
World Cup
Random Quiz
Search Sporcle
×
Quiz Lab
Quiz Lab
Sports
Player
Type in answers that appear in a list
Type in answers that appear in a list
Classic
Best Score? Go Orange.
PFA player of the year winners all time. Stats
Can you name the PFA player of the year winners all time?
By
Jaycee21
10m
38 Questions
63 Plays
63 Plays
63 Plays
Comments
Comments
Give Quiz Kudos
Give Quiz Kudos
-
- Ratings
hide this ad
Replay
Link that replays current quiz
Next Quiz
Link to next quiz in quiz playlist
You Got
0%
They Got
Avg Score
69%
Avg Friend Score
Upgrade to see
Score Distribution
Jump to the score distribution portion of the page
Score
0/38
Timer
10:00
0
Plays Today
Team
Player
% Correct
Manchester United
Wayne Rooney
100%
Tottenham Hotspur
Gareth Bale
96.8%
Manchester United
Cristiano Ronaldo
95.2%
Manchester United
Cristiano Ronaldo
95.2%
Liverpool
Steven Gerrard
95.2%
Arsenal
Thierry Henry
95.2%
Arsenal
Thierry Henry
95.2%
Newcastle United
Alan Shearer
95.2%
Blackburn Rovers
Alan Shearer
95.2%
Manchester United
Ryan Giggs
92.1%
Chelsea
John Terry
92.1%
Arsenal
Dennis Bergkamp
84.1%
Manchester United
Roy Keane
81%
Manchester United
Ruud Van Nistelrooy
79.4%
Manchester United
Teddy Sheringham
79.4%
Newcastle United
Les Ferdinand
79.4%
Manchester United
Eric Cantona
79.4%
Tottenham Hotspur
David Ginola
76.2%
Liverpool
Ian Rush
74.6%
Team
Player
% Correct
Liverpool
Kenny Dalglish
73%
Manchester United
Mark Hughes
71.4%
Manchester United
Mark Hughes
71.4%
Everton
Gary Lineker
68.3%
Southampton
Kevin Keegan
66.7%
Aston Villa
Paul McGrath
60.3%
Manchester United
Gary Pallister
54%
Liverpool
John Barnes
54%
Ipswich Town
John Wark
47.6%
Arsenal
Liam Brady
46%
Tottenham Hotspur
Clive Allen
42.9%
Everton
Peter Reid
42.9%
Aston Villa
Andy Gray
42.9%
Aston Villa
David Platt
39.7%
Liverpool
Terry McDermott
39.7%
Nottingham Forest
Peter Shilton
34.9%
Derby County
Colin Todd
33.3%
Leeds United
Norman Hunter
33.3%
Tottenham Hotspur
Pat Jennings
23.8%
Quiz Playlist
Details
Report
Send in Message
Add To Playlist
Classic:
Type in answers that appear in a list
Last Updated: Feb 16, 2017
Quiz Scoreboard
CHALLENGE
Sign Up to Join the Scoreboard
Show All
Scores
Hide
Comments
May contain spoilers
Recently Published
5x2 Blitz: Bands
by SL_Kpop136
Music
30s
Colored Red Africa Blitz
by spor1
Geography
30s
Find the 'City' Movie
by crazypaving
Movies
60s
More to Explore
Quiz From the Vault
Featured Blog Post
14 Easter Pick-up Lines to Find Eggs With
hide this ad
You Might Also Like...
Tags
pfa
Player
team
Winner
Today's Top Quizzes in Sports
Browse Sports
hide this ad
Today's Top Quizzes in Player
Browse Player
Top Contributed Quizzes in Sports
1
Players with Multiple 50 Home Run Seasons
2
Criteria MLB: Left Handed Sluggers
3
MLB Players with Two .350 Batting Average Seasons
4
Who Hit More Homers?
5
Premier League Clubs since 2000 (minefield)
6
Who Needs Fielders?
7
2020 F1 Drivers Logic Puzzle
8
Les entraîneurs de l'OM et du PSG au 21e siècle
9
Top 10 NHL Goal Scorers of All Time
10
MLB Hall of Famer by Rings
Explore More
Trending Topics
Anime
Marvel
Kpop
NBA
Harry Potter
Crossword
Disney
Country
Pokémon
The Office
WWE
Puzzle
Soccer
NFL
Song
hide this ad
More By:
Jaycee21
Quiz
Plays
Rating
Category
Featured
Created
English league goalscorers 2010-2011
146
2.50
Sports
May 15, 2011
World Cup History
98
Sports
May 29, 2011
PFA Young Player of the Year winners all time
97
4.00
Sports
May 22, 2011
FIFA members
90
1.00
Sports
Jun 1, 2011
History of the Premier League
79
Sports
May 26, 2011
Go to Creator's Profile
Score Distribution
Quiz Creator Spotlight
Jaycee21
Follow
Send a Message
Quizzes Created
-
Created Quiz Play Count
-
More By This Creator
Popular Quizzes Today
1
Find the 'City' Movie
2
Colored Red Africa Blitz
3
Find the US States - No Outlines Minefield
4
5x2 Blitz: Bands
5
The Countries of the World
6
Find the US States
7
US States
8
9x9 Crossword: Cartoon Network
More Sports Quizzes
Carlos Tévez's Cup Final XI's
Quiz Lab
Trending Quizzes
Colored Red Europe Blitz I
Colored Red Africa Blitz II
Colored Red Europe Blitz II
Colored Red Europe Blitz III
Colored Red Africa Blitz III
Recently Updated
Famous TV Couples
Peacemaker
Champions League XIs: Real Madrid
pecheneg
Largest US Cities 1790-2010
pecheneg
Rides in Walt Disney World
pecheneg
Most Oscar Losses (Acting)
pecheneg
Beyoncé Albums
pecheneg
Leaping Animals
pecheneg
Reality TV Shows (A-Z)
bhenderson79
Rickey Henderson's Hall of Fame Teammates
pecheneg
Champions League XIs: Arsenal
pecheneg
Trending Topics
Anime
NBA
Disney
Kpop
Harry Potter
Crossword
Marvel
Pokémon
WWE
Country
Puzzle
Soccer
NFL
The Office
Song
Your Account Isn't Verified!
In order to create a playlist on Sporcle, you need to verify the email address you used during registration. Go to your
Sporcle Settings
to finish the process.
Report this User
Report this user for behavior that violates our
Community Guidelines
.
Details:
Send Report
Go to the Sporcle.com Mobile Site →
Comments